000 00390nam a2200157Ia 4500
008 240729s9999 xx 000 0 und d
022 _a2299-4831
245 0 _aJournal of Apicultural Science
260 _aPoland
260 _bSciendo
650 _a Zoology
650 _aScience
856 _uhttps://doaj.org/toc/fcd5e1243d024359855af20477149299
942 _2ddc
942 _cDOAJEJ
999 _c67544
_d67544
945 _a1
_bMadushi Gamage
_c1
_dMadushi Gamage